00486nam a22001697a 4500003001100000005001700011008004100028040003900069041000800108082001600116100002500132245008400157260003100241300001700272650001500289650001200304LK-CoMWRAF20230915120541.0230915b1987 |||||||| |||| 00| 0 eng d aLK-CoMWRAFdLK-CoMWRAFeLK-CoMWRAF aeng a297.63bSCH aSchimmel, Annemarie  aAnd Muhammad is his messenger :bThe veneration of the prophet in Islamic piety aLahore : bVanguard,c1997 a377p. : ill. aMuḥammad aProphet